Les philosophies clandestines à l'âge classique (notice n° 2184447)

détails MARC
000 -LEADER
fixed length control field 01293cam a2200133 4500500
005 - DATE AND TIME OF LATEST TRANSACTION
control field 20260405052328.0
041 ## - LANGUAGE CODE
Language code of text/sound track or separate title fre
042 ## - AUTHENTICATION CODE
Authentication code dc
100 10 - MAIN ENTRY--PERSONAL NAME
Personal name Paganini, Gianni
Relator term author
245 00 - TITLE STATEMENT
Title Les philosophies clandestines à l'âge classique
260 ## - PUBLICATION, DISTRIBUTION, ETC.
Name of publisher, distributor, etc. Presses Universitaires de France,<br/>
Date of publication, distribution, etc. 2005.<br/>
520 ## - SUMMARY, ETC.
Summary, etc. Le manuscrit clandestin représente un genre très particulier de la communication philosophique et quelques 200 textes ont été répertoriés représentant environ 2000 copies datant de la fin du XVIIe siècle et du XVIIIe siècle. Le Theophrastus redivivus de 1659 fixe le modèle du traité philosophique clandestin: anonymat total, critique rationaliste de la religion et de la philosophie… Ces «traités» traversent toute une époque de transformations culturelles variées, ils sont marqués par le septicisme de Montaigne et de Bayle, le rationalisme de Descartes et Malebranche et autres influences philosophiques antérieures, tout en essayant des voies nouvelles, en mélangeant des parcours philosophiques souvent hétéroclites à la recherche d’une vérité cachée, d’une histoire à lire «entre les lignes».
856 41 - ELECTRONIC LOCATION AND ACCESS
Uniform Resource Identifier <a href="https://shs.cairn.info/les-philosophies-clandestines-a-l-age-classique--9782130541813?lang=fr&redirect-ssocas=7080">https://shs.cairn.info/les-philosophies-clandestines-a-l-age-classique--9782130541813?lang=fr&redirect-ssocas=7080</a>

Pas d'exemplaire disponible.

PLUDOC

PLUDOC est la plateforme unique et centralisée de gestion des bibliothèques physiques et numériques de Guinée administré par le CEDUST. Elle est la plus grande base de données de ressources documentaires pour les Étudiants, Enseignants chercheurs et Chercheurs de Guinée.

Adresse

627 919 101/664 919 101

25 boulevard du commerce
Kaloum, Conakry, Guinée

Réseaux sociaux

Powered by Netsen Group @ 2025